Derecho penal : obras completas. Tomo III /

Guardado en:
Autor Principal: Hirsch, Hans Joachim
Formato: Libro
Idioma:Spanish
Publicado: Santa Fe : Rubinzal Culzoni, 2002.
Edición:1a. ed.
Materias:
Etiquetas: Agregar Etiqueta
Sin Etiquetas, Sea el primero en etiquetar este registro!
LEADER 00887nam a22001695a 4500
001 DER.der001701
008 180615s2002####ag#||||||||||||||#||spa||
005 20250717161003.0
245 1 0 |a Derecho penal :  |b obras completas.  |n Tomo III /  |c Hans Joachim Hirsch. 
250 |a 1a. ed. 
260 |a Santa Fe :  |b Rubinzal Culzoni,  |c 2002. 
300 |a 264 p. 
500 |a Adecuación social y teoría del injusto. Consentimiento y autodeterminación. Responsabilidad penal de las asociaciones de personas. Reparación del daño en el marco del Derecho Penal material. Posición de la víctima en el Derecho Penal y en el Derecho Procesal Penal. Antijuridicidad de la agresión como presupuesto de la defensa necesaria. Desvalor de acción y desvalor del resultado. 
020 |a 9507274235 
100 1 |a Hirsch, Hans Joachim 
650 7 |a DERECHO PENAL 
859 |a DERECHO  |b BIB. DERECHO  |h 345  |i HIR  |p 003032  |3 Tomo III